Копирайтинг. Секреты составления рекламных и PR-текстов

Podrobná bibliografie
Hlavní autor: Иванова К. А. Кира Алексеевна
Shrnutí:Теоретический и практический материал, представленный во 2-м издании предлагаемой книги, будет очень полезен тем, кто вступает на тернистый путь профессионального коммуникатора. А для тех, кто уже включился в профессиональную деятельность специалиста по связям с общественностью, предлагаемое издание станет прекрасным помощником в минуты сомнений. В книге дано описание структуры и формы всех основных видов PR-материалов, умение составлять которые и является повседневной необходимостью PR-специалиста.
Jazyk:ruština
Vydáno: СПб., Питер, 2009
Vydání:2-е изд.
Edice:Маркетинг для профессионалов
Témata:
Médium: Kniha
KOHA link:https://koha.lib.tpu.ru/cgi-bin/koha/opac-detail.pl?biblionumber=156825

MARC

LEADER 00000nam0a2200000 4500
001 156825
005 20231101221927.0
010 |a 9785469011088  |b 4000 экз. 
021 |a RU  |b 05-58650  |9 05-2868 
035 |a (RuTPU)RU\TPU\book\170076 
035 |a RU\TPU\book\146948 
035 |a RU\TPU\book\97262 
090 |a 156825 
100 |a 20090331d2009 km y0rusy5002 ca 
101 0 |a rus 
102 |a RU 
105 |a a z 001zy 
200 1 |a Копирайтинг. Секреты составления рекламных и PR-текстов  |f К. А. Иванова 
205 |a 2-е изд. 
210 |a СПб.  |c Питер  |d 2009 
215 |a 158 с.  |c ил. 
225 1 |a Маркетинг для профессионалов 
320 |a Библиогр.: с. 156-157. 
330 |a Теоретический и практический материал, представленный во 2-м издании предлагаемой книги, будет очень полезен тем, кто вступает на тернистый путь профессионального коммуникатора. А для тех, кто уже включился в профессиональную деятельность специалиста по связям с общественностью, предлагаемое издание станет прекрасным помощником в минуты сомнений. В книге дано описание структуры и формы всех основных видов PR-материалов, умение составлять которые и является повседневной необходимостью PR-специалиста. 
606 1 |a Реклама  |2 stltpush  |3 (RuTPU)RU\TPU\subj\24860  |9 49135 
606 1 |a Паблик Рилейшнз (ПР)  |2 stltpush  |3 (RuTPU)RU\TPU\subj\27914  |9 51569 
610 1 |a язык 
610 1 |a стиль 
610 1 |a рекламные тексты 
610 1 |a PR-тексты 
610 1 |a копирайтинг 
610 1 |a письменные коммуникации 
610 1 |a медиапланы 
610 1 |a пресс-релиз 
610 1 |a письма 
610 1 |a составление 
610 1 |a связи с общественностью 
610 1 |a приглашения 
610 1 |a проспекты 
610 1 |a буклеты 
610 1 |a листовки 
610 1 |a заявки 
610 1 |a выступления 
610 1 |a тексты 
610 1 |a медиа-планы 
610 1 |a медиа-карты 
610 1 |a пресс-дайджесты 
610 1 |a бэкграундер 
610 1 |a факт-листы 
610 1 |a пресс-кит 
610 1 |a слоганы 
610 1 |a логотипы 
610 1 |a девизы 
610 1 |a рекламные стили 
610 1 |a Афинский кодекс 
610 1 |a кодексы 
610 1 |a Американская ассоциация по связям с общественностью 
675 |a 659  |v 3  |z rus 
675 |a 659.4  |v 3  |z rus 
700 1 |a Иванова  |b К. А.  |g Кира Алексеевна  |4 070 
801 1 |a RU  |b 63413507  |c 20080414  |g PSBO 
801 2 |a RU  |b 63413507  |c 20220428  |g PSBO 
900 |a Копирайтинг 
900 |a Язык презентаций 
900 |a Рекламное дело 
942 |c BK 
959 |a 27/20090216  |d 1  |e 77,00  |f АНЛ:1 
959 |a 67/20090610  |d 1  |e 77,00  |f АНЛ:1